UM Logo

Why Africans are still risking their lives to migrate to Europe/ (Record no. 8449)

MARC details
000 -LEADER
fixed length control field 00553nam a2200145 4500
008 - FIXED-LENGTH DATA ELEMENTS--GENERAL INFORMATION
fixed length control field 180207b xxu||||| |||| 00| 0 eng d
082 ## - DEWEY DECIMAL CLASSIFICATION NUMBER
Classification number DPer 050 Dec 2015-Mar 2016 T48 v186-187
100 ## - MAIN ENTRY--PERSONAL NAME
9 (RLIN) 26175
Personal name Baker, Aryn.
245 ## - TITLE STATEMENT
Title Why Africans are still risking their lives to migrate to Europe/
Statement of responsibility, etc. Aryn Baker and Addis Ababa.
260 ## - PUBLICATION, DISTRIBUTION, ETC. (IMPRINT)
Place of publication, distribution, etc. New York :
Name of publisher, distributor, etc. Time Inc.,
Date of publication, distribution, etc. ©Dec 2015-Mar 2016.
300 ## - PHYSICAL DESCRIPTION
Extent v187 n1, pages10-11:
Other physical details illustrations;
Dimensions 27 cm.
650 #0 - SUBJECT ADDED ENTRY--TOPICAL TERM
9 (RLIN) 26177
Topical term or geographic name as entry element Terrorism
General subdivision Islamic.
700 ## - ADDED ENTRY--PERSONAL NAME
9 (RLIN) 26176
Personal name Ababa, Addis.
Relator term Author.
942 ## - ADDED ENTRY ELEMENTS (KOHA)
Source of classification or shelving scheme Dewey Decimal Classification
Koha item type Periodicals
Holdings
Withdrawn status Lost status Source of classification or shelving scheme Damaged status Not for loan Collection code Home library Current library Date acquired Total Checkouts Full call number Date last seen Price effective from Koha item type Public note
    Dewey Decimal Classification     Periodicals UM Digos College - LIC UM Digos College - LIC 02/07/2018   DPer 050 Dec 2015-Mar 2016 T48 v186-187 02/07/2018 02/07/2018 Periodicals Periodical article